Text book of hydraulic machines (Record no. 10732)

000 -LEADER
fixed length control field 00441nam a22001817a 4500
001 - CONTROL NUMBER
control field 10732
003 - CONTROL NUMBER IDENTIFIER
control field BD-DhUET
008 - FIXED-LENGTH DATA ELEMENTS--GENERAL INFORMATION
fixed length control field 150209b xxu||||| |||| 00| 0 eng d
040 ## - CATALOGING SOURCE
Transcribing agency 0
Modifying agency BD-DhUET
082 ## - DEWEY DECIMAL CLASSIFICATION NUMBER
Classification number 621.2
Item number KHU/1985
100 ## - MAIN ENTRY--PERSONAL NAME
Personal name Khurmi, R. S.
245 ## - TITLE STATEMENT
Title Text book of hydraulic machines
250 ## - EDITION STATEMENT
Edition statement 14th ed.
260 ## - PUBLICATION, DISTRIBUTION, ETC. (IMPRINT)
Place of publication, distribution, etc. New Delhi
Name of publisher, distributor, etc. S. Chand
Date of publication, distribution, etc. 1985
300 ## - PHYSICAL DESCRIPTION
Extent vii, v.p.
Other physical details ill.
650 #0 - SUBJECT ADDED ENTRY--TOPICAL TERM
Topical term or geographic name as entry element Hydraulic Machines
942 ## - ADDED ENTRY ELEMENTS (KOHA)
Koha item type General Book
Holdings
Damaged status Koha date last seen Not for loan Sublocation or collection (holding branch) Koha full call number Copy number Source of classification or shelving scheme Piece designation (barcode) Location (home branch) Date acquired Lost status Koha item type Price effective from Koha normalized classification for sorting Shelving location Withdrawn status
 2015-02-09 Central Library, BUET621.2/KHU/19851 64129Central Library, BUET2015-02-09 General Book2015-02-09621_200000000000000_KHU_1985Circulation section 
 2015-02-09 Central Library, BUET621.2/KHU/19852 64154Central Library, BUET2015-02-09 General Book2015-02-09621_200000000000000_KHU_1985Circulation section 
 2015-02-09 Central Library, BUET621.2/KHU/19853 64142Central Library, BUET2015-02-09 General Book2015-02-09621_200000000000000_KHU_1985Circulation section 
 2015-02-09 Central Library, BUET621.2/KHU/19854 56685Central Library, BUET2015-02-09 General Book2015-02-09621_200000000000000_KHU_1985Circulation section 
 2015-06-22 Central Library, BUET621.2/KHU/19855 64155Central Library, BUET2015-02-09 General Book2015-02-09621_200000000000000_KHU_1985Circulation section 
 2015-02-09 Central Library, BUET621.2/KHU/19856 64132Central Library, BUET2015-02-09 General Book2015-02-09621_200000000000000_KHU_1985Circulation section 
 2015-02-09 Central Library, BUET621.2/KHU/19857 64136Central Library, BUET2015-02-09 General Book2015-02-09621_200000000000000_KHU_1985Circulation section 
 2015-02-09 Central Library, BUET621.2/KHU/19858 64153Central Library, BUET2015-02-09 General Book2015-02-09621_200000000000000_KHU_1985Circulation section 
 2015-02-09 Central Library, BUET621.2/KHU/19859 64134Central Library, BUET2015-02-09 General Book2015-02-09621_200000000000000_KHU_1985Circulation section 
 2015-02-09 Central Library, BUET621.2/KHU/198510 64150Central Library, BUET2015-02-09 General Book2015-02-09621_200000000000000_KHU_1985Circulation section 
 2015-02-09 Central Library, BUET621.2/KHU/198511 64137Central Library, BUET2015-02-09 General Book2015-02-09621_200000000000000_KHU_1985Circulation section 
 2015-02-09 Central Library, BUET621.2/KHU/198512 64139Central Library, BUET2015-02-09 General Book2015-02-09621_200000000000000_KHU_1985Circulation section